000
00206 a2200097 4500
001
18222
100
_a
Russell, R
245
_a
Ghalib life & letters
260
_a
_b
Allen & Unwin
_c
090
_c
13516
_d
13516
942
_a
NUST-CAE
_c
M
_c
3910
999
_c
253295
_d
253295